000
00303pam a2200133 a 4500
020
_c
041
_a
eng
082
_b
BAB
100
_a
Babsky , E & Others.
245
_a
Human Physilogy Vol- 1
_h
Textual Documents
260
_a
Moscow :
_b
M I R Publishers ,
_c
1975.
300
_a
410p.
930
_a
16959
999
_c
93859
_d
93859